| 000 | 01370cam a2200325 a 4500 | ||
|---|---|---|---|
| 003 | CO-BoRNBP | ||
| 005 | 20230331125804.0 | ||
| 007 | ta | ||
| 008 | 150305s2014 ck ao gr f000 0 spa | ||
| 020 | _a9789587531602 | ||
| 040 |
_aCO-BoRNBP _bspa _erda _cCO-BoRNBP |
||
| 041 | 1 |
_aspa _aeng |
|
| 082 | 0 | 4 |
_a782.41 _bV34s |
| 100 | 1 |
_aViloria Garcés, Sandra M. _9645 |
|
| 245 | 1 | 0 |
_aShow me your motion!! : _bcartilla de iniciación en músicas populares tradicionales del Archipiélago de San Andrés, Providencia y Santa Catalina - Colombia = initiation manual for the traditional popular music of the Archipelafo of San Andres, Providence and Santa Catalina Islands - Colombia / _cSandra M. Viloria Garcés, Kathryn Newball Cardozo, Marlon Acosta Pomare |
| 250 |
_a1a. ed. = _b1st ed. |
||
| 264 |
_aBogotá : _bMinisterio de Cultura, _c2014 |
||
| 300 |
_a115 p. : _bil., fot. ; _c28 cm |
||
| 336 |
_atexto _btxt _2rdacontent |
||
| 337 |
_asin mediación _bn _2rdamedia |
||
| 338 |
_avolumen _bnc _2rdacarrier |
||
| 500 | _aAcompañado de: 1 CD y 1 DVD | ||
| 504 | _aBibliografía: p. 107 | ||
| 546 | _aTexto en español e inglés | ||
| 650 | 1 | 4 |
_aMúsica popular colombiana _xEnseñanza _vLibros de texto _2LEMB _9646 |
| 700 | 1 |
_aNewball Cardozo, Kathryn _9647 |
|
| 700 | 1 |
_aAcosta Pomare, Marlon _9648 |
|
| 942 |
_2ddc _cBK |
||
| 990 |
_a2015-1964 _bMinisterio de Cultura |
||
| 999 |
_c9286 _d9286 |
||